A seminar report on statistics required for economic and social planning (Record no. 80413)

MARC details
000 -LEADER
fixed length control field 00979nam a2200205 a 4500
008 - FIXED-LENGTH DATA ELEMENTS--GENERAL INFORMATION
fixed length control field 090211s1977 ||||||||||||||||| || u
050 ## - LIBRARY OF CONGRESS CALL NUMBER
Classification number GOV.ZAM(08)OP/1A
100 ## - MAIN ENTRY--PERSONAL NAME
Personal name Mulenga, M. S. C
245 12 - TITLE STATEMENT
Title A seminar report on statistics required for economic and social planning
Statement of responsibility, etc. edited by M.S.C. Mulenga and S. Sivasubramonian
260 ## - PUBLICATION, DISTRIBUTION, ETC.
Place of publication, distribution, etc. Lusaka
Name of publisher, distributor, etc. Central Statistical Office (CSO)-Zambia
Date of publication, distribution, etc. 1977
300 ## - PHYSICAL DESCRIPTION
Extent 201p.
350 ## -
-- 0.00
490 ## -
-- Central Statistical Office Ocassional Papers
650 #3 - SUBJECT ADDED ENTRY--TOPICAL TERM
Topical term or geographic name entry element P0PULATION STATISTICS
650 ## - SUBJECT ADDED ENTRY--TOPICAL TERM
Topical term or geographic name entry element STATISTICS--ZAMBIA
700 ## - ADDED ENTRY--PERSONAL NAME
Personal name Sivasubramonian, S
710 ## - ADDED ENTRY--CORPORATE NAME
Corporate name or jurisdiction name as entry element Government of the Republic of Zambia (GRZ)
995 ## -
-- SPECIAL COLLECTIONS
-- 0.00
-- 03003575
-- CBU-MAIN LIBRARY (Kitwe)
-- 1
-- 0.00
-- GOV.ZAM(08)OP/1B
-- 2
-- DAMAGED
-- Feb 11, 2009
-- 03003575
-- Zambiana Collection
995 ## -
-- SPECIAL COLLECTIONS
-- 0.00
-- 03003633
-- CBU-MAIN LIBRARY (Kitwe)
-- 1
-- 0.00
-- GOV.ZAM(08)OP/1A
-- 1
-- AVAILABLE
-- Feb 18, 2009
-- 03003633
-- Zambiana Collection
999 ## -
-- 80413
-- 80413
Holdings
Withdrawn status Lost status Source of classification or shelving scheme Damaged status Not for loan Permanent Location Current Location Shelving location Date acquired Total Checkouts Full call number Barcode Date last seen Copy number Price effective from Koha item type
          CBU-MAIN LIBRARY, KITWE. CBU-MAIN LIBRARY, KITWE.   06/29/2023   GOV.ZAM(08)OP/1B 03003575 06/29/2023 1 06/29/2023 SPECIAL COLLECTION
          CBU-MAIN LIBRARY, KITWE. CBU-MAIN LIBRARY, KITWE.   06/29/2023   GOV.ZAM(08)OP/1A 03003633 06/29/2023 2 06/29/2023 SPECIAL COLLECTION